000 00404nam a2200145 i 4500
001 bg
245 0 _aĆwiczenia laboratoryjne z chemii fizycznej :
_bpraca zbiorowa /
_cpod red. Józefa Podkówki. Cz.1.
260 _aGliwice,
_c1977.
700 1 _aPodkówka, Józef.
_eRed.
040 _cBPK
041 _apol
080 _a541.1(075.8)(076)
942 _cKS
008 s pl f |000 0 pol
999 _c17543
_d17543
856 _uhttp://koha.tu.koszalin.pl/cgi-bin/koha/opac-detail.pl?biblionumber=17543
_yKatalog online BPK